| 000 | 01270nam a22002417a 4500 | ||
|---|---|---|---|
| 003 | OSt | ||
| 005 | 20171220163426.0 | ||
| 008 | 150407b slv spa | ||
| 040 | _cBMC | ||
| 082 | _a370 | ||
| 100 | 1 |
_940392 _aPalma Zamora, Blanca Yoselin |
|
| 245 | 1 | 0 |
_aCreation of english workbooks for fourth, fifth and sixth grades _b: proyecto _cBlanca Yoselin Palma Zamora, Edwin Oseas Palma Zamora |
| 260 |
_aSanta Ana (El Salvador) _bUniversidad Católica de El Salvador _c2016 |
||
| 300 |
_a1 v. (pág. var.) _bil. col. _c27 cm _e+ 4 disco compacto |
||
| 500 | _aPrecede al tít.: Universidad Católica de El Salvador, Facultad de Ciencias y Humanidades | ||
| 500 | _aContiene CDS con Cuarto grado con inventario No.1039561 (4°), Quinto grado con inventario 1039562 (5°) Sexto grado con inventario 1039563 (6°) | ||
| 502 | _aTrabajo de graduación para optar al grado académico de Licenciatura en Ciencias de la Educación con Especialidad en Idioma Ingles | ||
| 505 | _aContiene: My english worbook, 4o, 5o. y 6o. grade, with audio | ||
| 650 | 2 | 4 |
_9472 _aEducación |
| 700 | 1 |
_940393 _aPalma Zamora, Edwin Oseas |
|
| 710 | 2 |
_91075 _aUniversidad Católica de El Salvador _bFacultad de Ciencias y Humanidades |
|
| 942 |
_2ddc _cTG _hprozim |
||
| 999 |
_c26458 _d26458 |
||